La escolarización de minorías populares en la escuela comprensiva colombiana

Este trabajo se concibió como parte conceptual de una serie de investigaciones provistas de las estadísticas relacionadas con la escolarización en los INEM.

Saved in:
Bibliografiske detaljer
Hovedforfatter: Puig Farras, Julio
Format: Bog
Sprog:Spanish
Udgivet: Medellín: Universidad de Antioquia, 1986?
Fag:
Online adgang:Enlace del recurso
Tags: Tilføj Tag
Ingen Tags, Vær først til at tagge denne postø!

MARC

LEADER 00000nam a2200000 a 4500
001 000663
008 030327s1986 ck # fr# #000|0#spa#d
041 0 |a spa 
043 |a s-ck--- 
082 0 4 |a 371.828  |b P833e 
100 1 |a Puig Farras, Julio 
245 1 3 |a La escolarización de minorías populares en la escuela comprensiva colombiana   |c Julio Puig Farras 
260 |a Medellín:  |b Universidad de Antioquia,  |c 1986? 
300 |a 208 p. 
504 |a Incluye bibliografía. 
520 3 |a Este trabajo se concibió como parte conceptual de una serie de investigaciones provistas de las estadísticas relacionadas con la escolarización en los INEM. 
650 1 4 |a MINORÍAS  |z COLOMBIA 
650 1 4 |a EDUCACIÓN 
999 |c 2815  |d 2815 
856 |u https://catalogo.idep.edu.co/cgi-bin/koha/opac-detail.pl?biblionumber=2815  |z Enlace del recurso